Pays sûr pour les femmes - top 20 - Statistiques

Statistiques générales
  • Ce quiz a été pris 157 fois
  • Le résultat moyen est 13 sur 20
Statistiques - réponses
Indice pays % Correct
0,920 Norvège
92%
0,926 Suède
92%
0,924 Finlande
88%
0,885 Canada
85%
0,928 Suisse
84%
0,932 Danemark
83%
0,902 Australie
76%
0,924 Islande
71%
0,908 Pays-Bas
70%
0,902 Belgique
64%
0,892 Irlande
62%
0,904 Nouvelle-Zélande
62%
0,911 Autriche
59%
0,924 Luxembourg
59%
0,886 Lituanie
58%
0,892 Estonie
57%
0,872 Lettonie
56%
0,877 Portugal
51%
0,884 République Tchèque
43%
0,887 Singapour
31%
Aucun quiz correspondant
Distribution des résultats
% des personnes avec chaque résultat
Percentile par nombre de réponses
Votre historique - résultats
Vous n’avez pas pris ce quiz